Catálogo de las lenguas de América del Sur: enumeración, con indicaciones tipólogicas, bibliografía y mapas

Saved in:
書目詳細資料
主要作者: Tovar, Antonio (Author)
格式: 圖書
語言:西班牙语
出版: Buenos Aires Sudamericana 1961
主題:
標簽: 添加標簽
沒有標簽, 成為第一個標記此記錄!

MARC

LEADER 00000nam a2200000 a 4500
001 UCR7474
003 CL-VaPUC
008 980515e19610000AG |||||||||||||||||spa|d
082 0 4 |a 498  |b TOV  |2 21 
100 0 |a Tovar, Antonio  |e author  |9 378253 
245 1 0 |a Catálogo de las lenguas de América del Sur: enumeración, con indicaciones tipólogicas, bibliografía y mapas 
300 |a 405 p 
942 |c BK 
945 |d 19980515 00:00:00  |a mvenant 
260 |a Buenos Aires  |b Sudamericana  |c 1961 
650 7 |a LENGUAS INDIGENAS  |2 CL-VaPUC  |9 408761 
650 7 |a CULTURA INDIA  |2 CL-VaPUC  |9 408762 
651 0 |a América del Sur  |9 260128 
583 |a last modification  |c 19980515 00:00:00  |k Rodrigo Vera 
999 |c 269085  |d 269083 
952 |0 0  |1 0  |4 0  |6 498_000000000000000_TOV_1961  |7 0  |8 A  |9 302704  |a BIBART  |b BIBART  |d 2019-11-20  |i 3427161  |l 1  |o 498 TOV 1961  |p 3427161  |r 2025-03-13  |s 2022-04-20  |w 2019-11-20  |y BK  |k ART 
952 |0 0  |1 0  |4 0  |6 498_000000000000000_TOV_1961  |7 0  |8 A  |9 302705  |a BIBHIS  |b BIBHIS  |d 2019-11-20  |i 1362178  |o 498 TOV 1961  |p 1362178  |r 2025-01-20  |w 2019-11-20  |y BK  |k HIS 
952 |0 0  |1 0  |4 0  |6 498_000000000000000_TOV_1961  |7 0  |8 A  |9 302706  |a FDOPOS  |b FDOPOS  |d 2019-11-20  |i 4274210  |o 498 TOV 1961  |p 4274210  |r 2025-01-22  |w 2019-11-20  |y BK  |k MLA